Globálny letecký biznis stále v strate

Biznis leteckej dopravy sa už roky zmieta v kríze. Príčiny - na začiatku to boli teroristické útoky v New Yorku, vírusové ochorenie SARS v Ázii a v posledných rokoch vysoká cena pohonných hmôt. Straty svetových leteckých spoločností združených v Medzinárodnej asociácii leteckej dopravy (IATA) v posl...

Descrizione completa

Salvato in:
Dettagli Bibliografici
Autore principale: Slovák, Kristian
Natura: Capitolo di libro
Lingua:slovacco
Soggetti:
Tags: Aggiungi Tag
Nessun Tag, puoi essere il primo ad aggiungerne!!

MARC

LEADER 00000naa$a2200000$$$4500
001 0029873
005 20231009081622.1
041 0 |a slo 
044 |a SK 
245 1 0 |a Globálny letecký biznis stále v strate  |c Kristian Slovák 
520 |a Biznis leteckej dopravy sa už roky zmieta v kríze. Príčiny - na začiatku to boli teroristické útoky v New Yorku, vírusové ochorenie SARS v Ázii a v posledných rokoch vysoká cena pohonných hmôt. Straty svetových leteckých spoločností združených v Medzinárodnej asociácii leteckej dopravy (IATA) v posledných rokoch. Regionálne rozdiely. Výsledky európskych leteckých spoločností. Výsledky v Ázii. Zavedenie elektronických leteniek. 
610 2 0 |a doprava letecká 
610 2 0 |a strata 
610 2 0 |a svet 
610 2 0 |a kríza 
610 2 0 |a hmoty pohonné 
610 2 0 |a náklady 
610 2 0 |a zvyšovanie cien 
610 2 0 |a letenky 
610 2 0 |a USA 
610 2 0 |a Európa 
610 2 0 |a Ázia 
100 1 |a Slovák, Kristian